Quizzes
Events
Quiz Creation
Community
Videos
Private Events
Remove Ads
Sign In
Join for FREE
Feedback
Dark Mode
Quiz Categories
Sports
Geography
Music
Movies
Television
Just For Fun
Miscellaneous
History
Literature
Language
Science
Gaming
Entertainment
Religion
Holiday
For Kids
Quiz Lab
Recent
Popular Today
Quiz Kudos Today
Editor Picks
Curator Picks
Quizzes by...
Day
Popularity
Type
Ratings
Length
Year
Community
Subscriptions
Recent Discussions
Orange Saloon
Badges
Playlists
Quests
Create
Leaderboards
Showdown
Live 5
Trivia Bingo
Activity
Puzzle Library
Sporcle Events
Private Events
Virtual Trivia
Globe League
Become a Host
Pub Owners
SporcleCon
Opinionation
Our Games
Videos
Blog
Mobile Apps
Partnerships
Remove Ads and Go Orange
Feedback
Television
TV Characters
TV Show
Sitcom
Network
Friends
Reality Shows
Cast
South Park
Star Trek
The Simpsons
Doctor Who
Television
TV Characters
TV Show
Sitcom
Network
Friends
Reality Shows
Cast
South Park
Star Trek
The Simpsons
Doctor Who
Random Quiz
Search Sporcle
×
Quiz Lab
Quiz Lab
Television
Cartoon Network
Type in answers that appear in a list
Type in answers that appear in a list
Classic
Best Score? Go Orange.
Do it for Her Lyrics Stats
Can list the lyrics to Steven Universe's Do it for Her?
By
vgamer456
15m
61 Questions
52 Plays
52 Plays
52 Plays
Comments
Comments
Give Quiz Kudos
Give Quiz Kudos
-
- Ratings
hide this ad
Replay
Link that replays current quiz
Next Quiz
Link to next quiz in quiz playlist
You Got
0%
They Got
Avg Score
75%
Avg Friend Score
Upgrade to see
Score Distribution
Jump to the score distribution portion of the page
Score
0/61
Timer
15:00
0
Plays Today
Character
Lyrics
% Correct
You do it for her
88.5%
That is to say
88.5%
You'll do it for him
88.5%
Pearl
Good
88.5%
You do it for her
88.5%
That is to say
88.5%
You'll do it for him
88.5%
Pearl
Good
88.5%
Both
You do it for her
88.5%
Pearl
You do it for her
88.5%
Pearl
You do it for him
84.6%
Keep your stance wide
84.6%
Connie
Keep my stance wide
84.6%
Pearl
Right
84.6%
On the battlefield
84.6%
Right foot, left foot
82.7%
Connie
Keep my body lowered
82.7%
Connie
Right foot, left foot
82.7%
Keep your body lowered
80.8%
As you're moving forward
80.8%
Balance is the key
80.8%
Now go even faster
80.8%
Connie
Deep down I know
80.8%
Keep your eyes on me
78.8%
Connie
As I'm moving forward
78.8%
That I'm just a human
78.8%
Pearl
Concentrate! Don't you want him to live?
76.9%
Everything you have
76.9%
When everything is chaos
76.9%
But that doesn't mean
76.9%
Deep down you know
75%
Character
Lyrics
% Correct
Your strategy, and a sword
73.1%
Together after the war
73.1%
And you have nothing but the way you feel
71.2%
The life you'll have
71.2%
That's how you know you can win
71.2%
You weren't built for fighting
71.2%
You're not prepared to try
71.2%
What they don't know
71.2%
You're prepared to die
71.2%
Pearl
True
71.2%
With my short existence
71.2%
Connie
I can make a difference
71.2%
I can be his knight
71.2%
Connie
I'll do it for him
71.2%
And you would do it again
69.2%
Everything you are, you've got to give
69.2%
When you live for someone
69.2%
Draw my sword and fight
69.2%
Connie
I can be there for him
69.2%
And as you're moving backwards
67.3%
You just think about
67.3%
Is your real advantage
67.3%
Connie
Yes ma'am!
67.3%
And now you say
65.4%
Connie
But I know that I can
63.5%
Pearl
Yes, excellent!
63.5%
Pearl
Yes, but put your whole body into it!
61.5%
And then you do it for her
59.6%
Pearl
Okay, now do that again!
55.8%
I can do it for him
50%
Quiz Playlist
Details
Report
Send in Message
Add To Playlist
Classic:
Type in answers that appear in a list
Last Updated: Feb 16, 2017
Quiz Scoreboard
CHALLENGE
Sign Up to Join the Scoreboard
Show All
Scores
Hide
Comments
May contain spoilers
Recently Published
College Basketball Coaching Resumes
by pancakes188
Sports
9m
Billboard Blitz: Fleetwood Mac
by CooCooCachoo
Music
15s
Presidents Visiting Landmarks
by Hejman
History
7m
More to Explore
Quiz From the Vault
Featured Blog Post
Where Did the Easter Bunny Come From?
hide this ad
You Might Also Like...
Tags
Cartoon Network
Today's Top Quizzes in Television
Browse Television
hide this ad
Today's Top Quizzes in Cartoon Network
Browse Cartoon Network
Top Contributed Quizzes in Television
1
5-to-1: The Simpsons Families
2
5-to-1: Television Doctors
3
7-to-1: TV Show Settings
4
5-to-1: Streaming Originals
5
One Piece Logic Puzzle
6
Survivor Seasons
7
Survivor Logic Puzzle: Heroes vs. Villains
8
All US Survivor Seasons in Order
9
TV Shows by First Names
10
Survivor Season by Logo
Explore More
Trending Topics
NBA
Anime
Disney
Harry Potter
Marvel
Kpop
Crossword
Pokémon
Song
The Office
Country
Puzzle
Soccer
NFL
WWE
hide this ad
More By:
vgamer456
Quiz
Plays
Rating
Category
Featured
Created
Ways to Be Wicked Lyrics
2,301
3.20
Music
Jun 26, 2017
Rotten to the Core Lyrics
2,093
3.63
Television
Mar 15, 2016
Figure Out the Disney Lyrics XXXVIII
1,478
2.55
Music
Oct 6, 2017
Figure Out the Disney Lyrics XXIX
1,111
1.38
Music
Nov 27, 2015
Figure Out the Disney Lyrics XXVI
994
2.88
Music
Apr 6, 2015
Go to Creator's Profile
Score Distribution
Quiz Creator Spotlight
vgamer456
Follow
Send a Message
Quizzes Created
-
Created Quiz Play Count
-
More By This Creator
Popular Quizzes Today
1
Find the US States - No Outlines Minefield
2
Find the Countries of Europe - No Outlines Minefield
3
The Countries of the World
4
Find the US States
5
Risky Map Clicking: Biggest States A-Z
6
US States
7
Popular People in 1961
8
Movies - When Are They Set?
More Television Quizzes
'D' Television Characters
Published
Trending Quizzes
Risky Map Clicking: Least Populous States A-Z
1-10 Letter G Words
1-10 Letter F Words
Risky Map Clicking: Next State Alphabetically
Risky Map Clicking: Biggest States A-Z
Recently Updated
Leaping Animals
pecheneg
Reality TV Shows (A-Z)
bhenderson79
Rickey Henderson's Hall of Fame Teammates
pecheneg
Champions League XIs: Arsenal
pecheneg
Quick Pick: Celebrities in WWE's Hall of Fame
aduchscher
A-Z Keypad Blitz II
pecheneg
Multiple Oscar Actors
pecheneg
Mystery Phrase Blitz: Oscar 'Best Actors'
pecheneg
F. Scott Fitzgerald Novels
LTH
Pick 3 Villains
ddd62291
Trending Topics
Disney
Crossword
Marvel
NBA
Kpop
Harry Potter
Anime
Pokémon
Country
Soccer
Song
The Office
Puzzle
NFL
WWE
Your Account Isn't Verified!
In order to create a playlist on Sporcle, you need to verify the email address you used during registration. Go to your
Sporcle Settings
to finish the process.
Report this User
Report this user for behavior that violates our
Community Guidelines
.
Details:
Send Report
Go to the Sporcle.com Mobile Site →
Comments